000 00765nam a2200265Ia 4500
003 OSt
005 20221002043948.0
006 a|||||r|||| 00| 0
007 ta
008 220930b |||||||| |||| 00| 0 eng d
020 _a8172361157
024 _a214
037 _cReference Collections
040 _aCRL
_cCRL
_beng
041 _2eng
_aeng
082 _aP157:4k, 111P2.2 (RR)
100 _aBandyopadhyay Asit Kumar
245 0 _aModern Bengali dictionary for non Bengali readers
260 _aKolkata
_bThe Asiatic Society India
_c2002
300 _a658p.
_ccm.
490 _vV2
650 _aLINGUISTICS
942 _hP157:4k, 111P2.2 (RR)
_cref
_2CC
999 _c909263
_d909263